| 000 | 00576nam a2200205Ia 4500 | ||
|---|---|---|---|
| 005 | 20250508165133.0 | ||
| 008 | 008 250505s9999 xx 000 0 eng d | ||
| 020 | _a978-81-89524-52-4 | ||
| 037 | _aTextual | ||
| 040 |
_aFEDL _beng _cFEDL |
||
| 041 |
_aeng _2eng |
||
| 084 |
_a305.5, MED _qFEDL |
||
| 100 |
_aBellwinkel-Schempp Maren _9301217 |
||
| 245 | 0 | _aIshvardatt Medharthi : Life and message | |
| 260 |
_aNew Delhi, India _bCritical Quest _c2010 |
||
| 300 | _a32p. | ||
| 365 |
_aINR _b250 |
||
| 942 |
_cTEXL _h305.5, MED |
||
| 999 |
_c1393359 _d1393359 |
||